000 00828cam a22002654a 4500
001 3148
005 20240214104641.0
020 _a0060287195
020 _a9780439819763
040 _aDLC
_cDLC
_dDLC
_beng
050 0 0 _aML3928.A45
_b 2003
082 0 0 _a780
100 0 _aAliki
245 1 0 _aAh, music! /
_cwritten and illustrated by Aliki
260 _a New York :
_bHarperCollins,
_c2003
300 _a47 pages :
_bcolor illustrations ;
_c29cm.
505 _aZ
520 _aSurveys the history and components of music, concentrating on Western musical traditions.
521 _a910
_bLexile
521 _aZ
_bRaz-Plus
650 0 _aMusic
_xHistory and criticism
_vJuvenile literature
650 1 _aMusic
_xHistory and criticism
906 _a7
_bcbc
_corignew
_d1
_eocip
_f20
_gy-gencatlg
942 _2ddc
_cBK
_n0
999 _c3148
_d3148